[Event "Titled Tuesday intern op 29th Dec"]
[Site "Chess.com INT"]
[Date "2020.12.29"]
[Round "5"]
[White "Mayeregger, Arnold"]
[Black "Grigoryeva, Olga A"]
[Result "0-1"]
[WhiteElo "2121"]
[BlackElo "2141"]
[PlyCount "64"]
[EventDate "2020.12.29"]
[EventType "swiss (blitz)"]
[EventRounds "11"]
[EventCountry "USA"]
[SourceTitle "CBM 200 Extra"]
[Source "ChessBase"]
[SourceDate "2021.03.31"]
[SourceVersion "1"]
[SourceVersionDate "2021.03.31"]
[SourceQuality "1"]

1. d4 Nf6 2. c4 c5 3. e3 cxd4 4. exd4 d5 5. Nf3 dxc4 6. Bxc4 e6 7. Nc3 Nc6 8. 0-0 Be7 9. Bg5 0-0 10. Re1 h6 11. Bh4 Nb4 12. a3 Nbd5 13. Ne5 Nxc3 14. bxc3 Nd5 15. Bxe7 Nxe7 16. Qf3 Qc7 17. Rad1 f6 18. Ng4 Qxc4 19. Qg3 Kh8 20. Qh4 Nf5 21. Qh5 Bd7 22. d5 Be8 23. Qh3 exd5 24. Rd4 Qc8 25. Rxd5 Bg6 26. Red1 Qe6 27. Nxh6 gxh6 28. g4 Qe8 29. gxf5 Bh5 30. Kf1 Qe2+ 31. Kg1 Rg8+ 32. Kh1 Qf3+ 0-1

[Event "Batumi Municipality Cup"]
[Site "Batumi"]
[Date "2017.07.08"]
[Round "7"]
[White "Grigoryeva, Olga A"]
[Black "Petriashvili, Nikoloz"]
[Result "0-1"]
[WhiteElo "2206"]
[BlackElo "2223"]
[PlyCount "60"]
[EventDate "2017.07.02"]
[EventType "swiss"]
[EventRounds "9"]
[EventCountry "GEO"]
[SourceTitle "CBM 179 Extra"]
[Source "ChessBase"]
[SourceDate "2017.08.23"]
[SourceVersion "1"]
[SourceVersionDate "2017.08.23"]
[SourceQuality "1"]

1. d4 d6 2. c4 e5 3. e3 f5 4. Nc3 Nf6 5. g3 Be7 6. Bg2 0-0 7. Nge2 c6 8. 0-0 e4 9. b4 d5 10. cxd5 cxd5 11. Qb3 Nc6 12. Nf4 Nxb4 13. Ba3 a5 14. Bxb4 axb4 15. Ncxd5 Nxd5 16. Nxd5 Be6 17. Nxe7+ Qxe7 18. d5 Ra3 19. Qc4 Rc8 20. Qb5 Bd7 21. Qxb7 Qd6 22. Rac1 Rb8 23. Qc7 Qxc7 24. Rxc7 Rxa2 25. Rb1 b3 26. Bf1 b2 27. Rc2 f4 28. gxf4 Ra1 29. Rbxb2 Rxb2 30. Rxb2 Bh3 0-1

[Event "Batumi Municipality Cup"]
[Site "Batumi"]
[Date "2017.07.03"]
[Round "2"]
[White "Akhvlediani, Irakli"]
[Black "Grigoryeva, Olga A"]
[Result "1/2-1/2"]
[WhiteElo "2307"]
[BlackElo "2206"]
[PlyCount "27"]
[EventDate "2017.07.02"]
[EventType "swiss"]
[EventRounds "9"]
[EventCountry "GEO"]
[SourceTitle "CBM 179 Extra"]
[Source "ChessBase"]
[SourceDate "2017.08.23"]
[SourceVersion "1"]
[SourceVersionDate "2017.08.23"]
[SourceQuality "1"]

1. d4 d5 2. c4 c6 3. Nc3 Nf6 4. cxd5 cxd5 5. Bf4 Nc6 6. Nf3 e6 7. e3 Bd6 8. Bxd6 Qxd6 9. Bd3 0-0 10. 0-0 e5 11. dxe5 Nxe5 12. Nb5 Qe7 13. Nxe5 Qxe5 14. Nd4 1/2-1/2

[Event "Voronezh op-A 21st"]
[Site "Voronezh"]
[Date "2017.06.13"]
[Round "2"]
[White "Karpenko, Artem"]
[Black "Grigoryeva, Olga A"]
[Result "1/2-1/2"]
[WhiteElo "2404"]
[BlackElo "2204"]
[PlyCount "90"]
[EventDate "2017.06.12"]
[EventType "swiss"]
[EventRounds "9"]
[EventCountry "RUS"]
[SourceTitle "EXT 2018"]
[Source "ChessBase"]
[SourceDate "2017.10.13"]
[SourceVersion "1"]
[SourceVersionDate "2017.10.13"]
[SourceQuality "1"]

1. d4 d5 2. c4 c6 3. Nf3 Nf6 4. g3 g6 5. Bg2 Bg7 6. 0-0 0-0 7. Nc3 dxc4 8. e4 Bg4 9. Be3 Nbd7 10. h3 Bxf3 11. Qxf3 e5 12. Rfd1 Qa5 13. Qe2 exd4 14. Bxd4 Ne5 15. b3 cxb3 16. axb3 Qc7 17. f4 Ned7 18. e5 Ne8 19. b4 Qc8 20. b5 c5 21. Nd5 Kh8 22. Bb2 Nc7 23. Qd3 Nxd5 24. Qxd5 Nb6 25. Qxb7 Qxb7 26. Bxb7 Rad8 27. Ba3 Na4 28. Rd5 Rfe8 29. Rc1 Bf8 30. Kf2 Kg8 31. Ke3 f6 32. Bc6 fxe5 33. Ke4 Nb6 34. Rxd8 Rxd8 35. Kxe5 Bg7+ 36. Ke6 c4 37. Bd6 Bb2 38. Rc2 c3 39. Be5 Rd2 40. Rxd2 cxd2 41. Bf3 Bxe5 42. fxe5 Kf8 43. Kf6 Nd5+ 44. Ke6 Nb6 45. Kf6 Nd5+ 1/2-1/2

[Event "St Petersburg Summer op"]
[Site "St Petersburg"]
[Date "2016.08.24"]
[Round "8"]
[White "Grigoryeva, Olga A"]
[Black "Lesovoi, Evgenij"]
[Result "1-0"]
[WhiteElo "2156"]
[BlackElo "2295"]
[PlyCount "103"]
[EventDate "2016.08.17"]
[EventType "swiss"]
[EventRounds "9"]
[EventCountry "RUS"]
[SourceTitle "CBM 174 Extra"]
[Source "ChessBase"]
[SourceDate "2016.10.10"]
[SourceVersion "1"]
[SourceVersionDate "2016.10.10"]
[SourceQuality "1"]

1. d4 Nf6 2. c4 e6 3. Nc3 Bb4 4. f3 d5 5. a3 Bxc3+ 6. bxc3 c5 7. cxd5 exd5 8. e3 c4 9. Ne2 Nc6 10. Bd2 0-0 11. Qc2 Na5 12. Nc1 g6 13. Be2 Bf5 14. Qb2 h5 15. Bd1 Re8 16. Bc2 Qd7 17. 0-0 Kg7 18. Qb1 Rac8 19. Re1 Rc6 20. Ra2 Rb6 21. Rb2 Bxc2 22. Qxc2 Qf5 23. Re2 Qxc2 24. Rxc2 Rb1 25. Kf2 Re6 26. Re1 Reb6 27. Ne2 R6b2 28. Rxb1 Rxc2 29. Be1 Nb3 30. Rd1 Ra2 31. Kf1 g5 32. Bg3 Kg6 33. Bd6 h4 34. h3 Kf5 35. Be7 Nh5 36. e4+ Ke6 37. Bxg5 f6 38. exd5+ Kxd5 39. Bxh4 f5 40. g4 fxg4 41. hxg4 Ng7 42. Bf6 Ne6 43. g5 Nf8 44. Kf2 Na1 45. f4 Ng6 46. Kf3 Nc2 47. Rh1 Ke6 48. Ng3 Nf8 49. f5+ Kf7 50. Ne4 Rxa3 51. Nd6+ Kg8 52. Rh8# 1-0

[Event "Voronezh op-B 20th"]
[Site "Voronezh"]
[Date "2016.06.14"]
[Round "3"]
[White "Grigoryeva, Olga A"]
[Black "Koshevarov, Alexander"]
[Result "1/2-1/2"]
[WhiteElo "2137"]
[BlackElo "2011"]
[PlyCount "100"]
[EventDate "2016.06.12"]
[EventType "swiss"]
[EventRounds "9"]
[EventCountry "RUS"]
[SourceTitle "EXT 2017"]
[Source "ChessBase"]
[SourceDate "2016.10.25"]
[SourceVersion "1"]
[SourceVersionDate "2016.10.25"]
[SourceQuality "1"]

1. c4 Nf6 2. Nc3 g6 3. g3 Bg7 4. Bg2 0-0 5. d3 c6 6. e4 e5 7. Nge2 d6 8. 0-0 Na6 9. h3 Nc7 10. d4 b5 11. c5 b4 12. cxd6 Qxd6 13. dxe5 Qxe5 14. Bf4 Qa5 15. Qa4 Qb6 16. Nd1 Qb5 17. Qc2 Ne6 18. Bd6 Rd8 19. e5 Nd5 20. Ne3 Ba6 21. Nxd5 cxd5 22. Nf4 Nxf4 23. gxf4 Bf8 24. Bxf8 Kxf8 25. f5 Qd7 26. Qc5+ Qe7 27. Qxe7+ Kxe7 28. Rfd1 gxf5 29. Rxd5 Rxd5 30. Bxd5 Rd8 31. Bb3 f6 32. Re1 Bc8 33. exf6+ Kxf6 34. Rc1 f4 35. Rc4 Ke5 36. h4 Rg8+ 37. Kh2 Rd8 38. Bc2 Bb7 39. Rxb4 Rd2 40. Rxb7 Rxf2+ 41. Kg1 Rxc2 42. Rxh7 Rxb2 43. Rxa7 Kf5 44. h5 Kg5 45. Ra5+ Kh6 46. a4 Ra2 47. Kf1 f3 48. Kg1 Rg2+ 49. Kf1 Ra2 50. Ke1 Re2+ 1/2-1/2

[Event "Voronezh op-B 20th"]
[Site "Voronezh"]
[Date "2016.06.13"]
[Round "2"]
[White "Nakonechny, Ignat"]
[Black "Grigoryeva, Olga A"]
[Result "0-1"]
[WhiteElo "1997"]
[BlackElo "2137"]
[PlyCount "92"]
[EventDate "2016.06.12"]
[EventType "swiss"]
[EventRounds "9"]
[EventCountry "RUS"]
[SourceTitle "EXT 2017"]
[Source "ChessBase"]
[SourceDate "2016.10.25"]
[SourceVersion "1"]
[SourceVersionDate "2016.10.25"]
[SourceQuality "1"]

1. e4 c5 2. Nf3 Nc6 3. d4 cxd4 4. Nxd4 e5 5. Nb5 d6 6. N1c3 a6 7. Na3 b5 8. Nd5 Nce7 9. c4 Nxd5 10. Qxd5 Be6 11. Qd1 bxc4 12. Bxc4 Nf6 13. 0-0 Be7 14. Bg5 0-0 15. Bxf6 Bxf6 16. Qe2 Qa5 17. Bxe6 fxe6 18. Nc4 Qb5 19. Rfe1 Rad8 20. Rad1 Qc5 21. Ne3 a5 22. Qc4 Rfe8 23. b3 Qb6 24. Qa4 Ra8 25. Nc4 Qb4 26. Qxb4 axb4 27. Nxd6 Red8 28. Nc4 Rxd1 29. Rxd1 Rxa2 30. Kf1 Rc2 31. Ke1 Rc3 32. Rb1 Kf7 33. g3 Ke7 34. h4 Kd7 35. Kd2 Kc6 36. Ne3 Kb5 37. Nd1 Rc6 38. Ra1 g5 39. h5 g4 40. Ra7 Bg5+ 41. Ke1 h6 42. Rb7+ Ka5 43. Rb8 Rc1 44. Ra8+ Kb5 45. Rb8+ Kc5 46. Rd8 Bxd8 0-1

[Event "Samara Polugaevsky Memorial 5th"]
[Site "Samara"]
[Date "2015.07.11"]
[Round "9"]
[White "Kostin, Alexey"]
[Black "Grigoryeva, Olga A"]
[Result "1/2-1/2"]
[WhiteElo "2291"]
[BlackElo "2136"]
[PlyCount "110"]
[EventDate "2015.07.03"]
[EventType "swiss"]
[EventRounds "9"]
[EventCountry "RUS"]
[SourceTitle "EXT 2017"]
[Source "ChessBase"]
[SourceDate "2016.10.25"]
[SourceVersion "1"]
[SourceVersionDate "2016.10.25"]
[SourceQuality "1"]

1. e4 d5 2. exd5 Qxd5 3. d4 Nc6 4. Be3 e5 5. c4 Bb4+ 6. Nd2 Qe4 7. d5 Bxd2+ 8. Qxd2 Nd4 9. 0-0-0 Bf5 10. Bd3 Qxd3 11. Qxd3 Bxd3 12. Bxd4 Bxc4 13. Bxe5 Ne7 14. d6 cxd6 15. Bxg7 Rg8 16. Bf6 Rxg2 17. b3 Be6 18. Rd2 Rc8+ 19. Kb2 Nf5 20. Nh3 h6 21. Nf4 Rg4 22. Nh5 Rg6 23. Re1 Rc5 24. Bc3 Kd7 25. Nf6+ Kc7 26. Red1 Kc6 27. Nh5 Rg4 28. Ng3 Nxg3 29. Rxd6+ Kc7 30. hxg3 Re4 31. R1d2 b6 32. f4 h5 33. Be5 Kb7 34. Rd8 Rc8 35. Rxc8 Kxc8 36. Rc2+ Kb7 37. Rc7+ Ka6 38. a4 Rb4 39. Rc3 Kb7 40. Ka3 a5 41. Bf6 Re4 42. Rd3 Re2 43. Rd6 Rc2 44. Be5 Rc6 45. Rd8 Rc8 46. Rd2 Rg8 47. Rd3 Rc8 48. Kb2 Rc5 49. Bd4 Rd5 50. Kc3 b5 51. Re3 b4+ 52. Kd3 Bf5+ 53. Kc4 Be6 54. Kd3 Bf5+ 55. Kc4 Be6 1/2-1/2

[Event "Voronezh op-B 18th"]
[Site "Voronezh"]
[Date "2014.06.18"]
[Round "7"]
[White "Sobina, Pavel"]
[Black "Grigoryeva, Olga A"]
[Result "1/2-1/2"]
[WhiteElo "1977"]
[BlackElo "2144"]
[PlyCount "126"]
[EventDate "2014.06.12"]
[EventType "swiss"]
[EventRounds "9"]
[EventCountry "RUS"]
[SourceTitle "EXT 2015"]
[Source "ChessBase"]
[SourceDate "2014.11.20"]
[SourceVersion "1"]
[SourceVersionDate "2014.11.20"]
[SourceQuality "1"]

1. c4 e5 2. Nc3 Bb4 3. g3 Bxc3 4. bxc3 d6 5. Bg2 Ne7 6. d4 c5 7. Nf3 Qc7 8. 0-0 0-0 9. Ba3 Nd7 10. Qb3 Rb8 11. Rab1 b6 12. Rfd1 Nc6 13. Qa4 Na5 14. dxe5 dxe5 15. Ng5 Nf6 16. Ne4 Nxe4 17. Bxe4 Be6 18. Bd5 Bf5 19. Rb2 Qd7 20. Qb5 Qxb5 21. cxb5 Rfd8 22. Rbd2 Kf8 23. Bc1 Ke7 24. Kg2 Be6 25. Bxe6 Rxd2 26. Rxd2 Kxe6 27. Kf3 Nc4 28. Rd1 Nd6 29. a4 Ra8 30. Be3 Nc4 31. Rb1 a6 32. Ke4 axb5 33. axb5 Nd6+ 34. Kd3 Ra5 35. Rb2 e4+ 36. Kc2 Rxb5 37. Ra2 Nc4 38. Ra4 Nxe3+ 39. fxe3 f5 40. Ra7 Kf6 41. Rc7 h6 42. Rc6+ Kg5 43. h3 g6 44. Rd6 Kh5 45. Rf6 Ra5 46. Rxb6 Ra1 47. g4+ fxg4 48. hxg4+ Kg5 49. Re6 Ra2+ 50. Kd1 Ra4 51. Ke1 Rc4 52. Kf2 Rxc3 53. Rxe4 Rc1 54. Kf3 c4 55. Re5+ Kf6 56. Rc5 c3 57. e4 c2 58. Kg2 Ke6 59. e5 g5 60. Kf2 Rh1 61. Rxc2 Kxe5 62. Rc5+ Ke4 63. Rc4+ Ke5 1/2-1/2

[Event "Voronezh op-B 18th"]
[Site "Voronezh"]
[Date "2014.06.15"]
[Round "4"]
[White "Alkaev, Ruslan"]
[Black "Grigoryeva, Olga A"]
[Result "1/2-1/2"]
[WhiteElo "1983"]
[BlackElo "2144"]
[PlyCount "69"]
[EventDate "2014.06.12"]
[EventType "swiss"]
[EventRounds "9"]
[EventCountry "RUS"]
[SourceTitle "EXT 2015"]
[Source "ChessBase"]
[SourceDate "2014.11.20"]
[SourceVersion "1"]
[SourceVersionDate "2014.11.20"]
[SourceQuality "1"]

1. e4 d5 2. exd5 Qxd5 3. Nc3 Qa5 4. d4 Nf6 5. Nf3 Bg4 6. Bd2 c6 7. h3 Bxf3 8. Qxf3 Nbd7 9. Bc4 e6 10. Bb3 Qc7 11. 0-0 Bd6 12. Ne4 Nxe4 13. Qxe4 Nf6 14. Qf3 0-0-0 15. c3 h6 16. Bc2 Nd5 17. c4 Nf4 18. c5 Be5 19. Be3 Rxd4 20. Bxd4 Bxd4 21. Rab1 Bxc5 22. b4 Bd6 23. Rb3 Qe7 24. Rfb1 Kb8 25. Bd3 e5 26. b5 c5 27. Qe4 g6 28. b6 a6 29. Bf1 Rc8 30. Qa4 Qg5 31. Rg3 Qf5 32. Rgb3 Qg5 33. Rg3 Qf5 34. Rgb3 Qg5 35. Rg3 1/2-1/2

[Event "Voronezh op-B 18th"]
[Site "Voronezh"]
[Date "2014.06.14"]
[Round "3"]
[White "Grigoryeva, Olga A"]
[Black "Zakharov, Nikita"]
[Result "1-0"]
[WhiteElo "2144"]
[BlackElo "1881"]
[PlyCount "97"]
[EventDate "2014.06.12"]
[EventType "swiss"]
[EventRounds "9"]
[EventCountry "RUS"]
[SourceTitle "EXT 2015"]
[Source "ChessBase"]
[SourceDate "2014.11.20"]
[SourceVersion "1"]
[SourceVersionDate "2014.11.20"]
[SourceQuality "1"]

1. d4 d5 2. c4 c6 3. Nc3 Nf6 4. Nf3 a6 5. c5 b6 6. cxb6 Nbd7 7. Na4 Nxb6 8. Ne5 Bd7 9. Nc5 e6 10. b4 Ne4 11. e3 Bd6 12. Bd3 Bxe5 13. Bxe4 Bd6 14. Bd3 e5 15. Nxa6 Qg5 16. g3 e4 17. Be2 h5 18. h4 Qf5 19. Nc5 g6 20. a4 0-0 21. Bd2 Bxc5 22. dxc5 Nc4 23. Bc3 Ne5 24. Bxe5 Qxe5 25. 0-0 Rab8 26. Rb1 Qe7 27. Qc2 g5 28. hxg5 Qxg5 29. Kg2 h4 30. Rh1 h3+ 31. Kh2 Qf5 32. Rhf1 Rb7 33. b5 cxb5 34. c6 Rc7 35. axb5 Rb8 36. Qc5 Bxc6 37. Rbc1 Rbc8 38. bxc6 Rxc6 39. Qxc6 Rxc6 40. Rxc6 Qd7 41. Rh6 d4 42. exd4 Qxd4 43. Rh4 f5 44. Kxh3 Qd2 45. Bc4+ Kg7 46. Rf4 Kf6 47. Ra1 Qc3 48. Ra6+ Kg5 49. Bf7 1-0

[Event "Kimry Summer op 69th"]
[Site "Kimry"]
[Date "2014.06.10"]
[Round "6"]
[White "Grigoryeva, Olga A"]
[Black "Ustinov, Alexey"]
[Result "1/2-1/2"]
[WhiteElo "2144"]
[BlackElo "2079"]
[PlyCount "24"]
[EventDate "2014.06.08"]
[EventType "swiss"]
[EventRounds "7"]
[EventCountry "RUS"]
[SourceTitle "CBM 160 Extra"]
[Source "ChessBase"]
[SourceDate "2014.07.01"]
[SourceVersion "1"]
[SourceVersionDate "2014.07.01"]
[SourceQuality "1"]

1. d4 d6 2. Qd2 e5 3. h3 e4 4. Qf4 f5 5. Qh2 c5 6. a4 Be6 7. Ra3 Be7 8. Rg3 Qa5+ 9. Nd2 Bb3 10. c4 Bh4 11. f3 e3 12. d5 f4 1/2-1/2

[Event "Kimry Summer op 69th"]
[Site "Kimry"]
[Date "2014.06.08"]
[Round "2"]
[White "Guseva, Antonina"]
[Black "Grigoryeva, Olga A"]
[Result "0-1"]
[WhiteElo "1706"]
[BlackElo "2144"]
[PlyCount "78"]
[EventDate "2014.06.08"]
[EventType "swiss"]
[EventRounds "7"]
[EventCountry "RUS"]
[SourceTitle "CBM 160 Extra"]
[Source "ChessBase"]
[SourceDate "2014.07.01"]
[SourceVersion "1"]
[SourceVersionDate "2014.07.01"]
[SourceQuality "1"]

1. e4 d5 2. exd5 Qxd5 3. Nc3 Qa5 4. b4 Qxb4 5. Nb5 Na6 6. c3 Qe4+ 7. Qe2 Qxe2+ 8. Bxe2 c6 9. Nd4 Nc5 10. Ngf3 Nf6 11. Ba3 Ne6 12. 0-0 Nxd4 13. Nxd4 e5 14. Bxf8 Kxf8 15. Nf3 e4 16. Nd4 g6 17. f3 Kg7 18. fxe4 Nxe4 19. Bc4 Rf8 20. Nb3 b6 21. Bd3 Nd6 22. Rae1 c5 23. Bc2 Ba6 24. Rf4 Rae8 25. Rxe8 Rxe8 26. d3 c4 27. dxc4 Bxc4 28. h3 Re1+ 29. Kh2 Re3 30. Rf3 Rxf3 31. gxf3 Nb5 32. Nd2 Bxa2 33. c4 Nd4 34. Bd3 Nb3 35. Ne4 Nc5 36. Be2 Nxe4 37. fxe4 Kf6 38. Kg3 Ke5 39. Kf3 Bb1 0-1

[Event "RUS-ch U20 Girls"]
[Site "Loo"]
[Date "2014.04.22"]
[Round "7"]
[White "Grigoryeva, Olga A"]
[Black "Severina, Maria"]
[Result "0-1"]
[WhiteElo "2187"]
[BlackElo "2212"]
[PlyCount "56"]
[EventDate "2014.04.16"]
[EventType "tourn"]
[EventRounds "9"]
[EventCountry "RUS"]
[SourceTitle "CBM 160 Extra"]
[Source "ChessBase"]
[SourceDate "2014.07.01"]
[SourceVersion "1"]
[SourceVersionDate "2014.07.01"]
[SourceQuality "1"]

1. c4 Nf6 2. Nc3 e5 3. Nf3 Nc6 4. g3 d5 5. cxd5 Nxd5 6. Bg2 Nb6 7. 0-0 Be7 8. a3 0-0 9. d3 Be6 10. b4 a5 11. b5 Nd4 12. Bb2 f6 13. Nd2 Qc8 14. Re1 a4 15. Rc1 Rd8 16. Nf3 Bb3 17. Qd2 Nc4 18. Nd5 Rxd5 19. Rxc4 Nxf3+ 20. Bxf3 Bxc4 21. Qc3 Bb3 22. Bxd5+ Bxd5 23. e4 Bf7 24. d4 exd4 25. Qxd4 Bd6 26. f4 b6 27. Kg2 Bc5 28. Qc3 Qd8 0-1

[Event "RUS-ch U20 Girls"]
[Site "Loo"]
[Date "2014.04.19"]
[Round "4"]
[White "Grigoryeva, Olga A"]
[Black "Voit, Daria"]
[Result "1/2-1/2"]
[WhiteElo "2187"]
[BlackElo "2295"]
[PlyCount "108"]
[EventDate "2014.04.16"]
[EventType "tourn"]
[EventRounds "9"]
[EventCountry "RUS"]
[SourceTitle "CBM 160 Extra"]
[Source "ChessBase"]
[SourceDate "2014.07.01"]
[SourceVersion "1"]
[SourceVersionDate "2014.07.01"]
[SourceQuality "1"]

1. d4 Nf6 2. Nf3 e6 3. Bf4 b6 4. e3 Bb7 5. h3 c5 6. c3 Be7 7. Nbd2 cxd4 8. cxd4 Nc6 9. Rc1 Rc8 10. a3 0-0 11. Bd3 d6 12. Bh2 a6 13. 0-0 b5 14. Qe2 Rc7 15. b4 Qa8 16. Nb3 Rfc8 17. e4 Qa7 18. Qe3 Nd7 19. Rfe1 h6 20. Bb1 Bf8 21. Qd3 g6 22. g4 Nb6 23. Nfd2 Na4 24. h4 e5 25. d5 Nd4 26. Rxc7 Rxc7 27. Nxd4 exd4 28. e5 Bxd5 29. exd6 Rc3 30. Qe2 Rc8 31. h5 Nc3 32. Qd3 Nxb1 33. Qxb1 Qd7 34. f3 Bxd6 35. hxg6 Bxh2+ 36. Kxh2 Qd6+ 37. Kg2 Qxg6 38. Qxg6+ fxg6 39. Ne4 Rc2+ 40. Kg3 Kf7 41. g5 hxg5 42. Nxg5+ Kf6 43. Kf4 Rc7 44. Rd1 Rc4 45. Ne4+ Ke6 46. Nc5+ Kd6 47. Ne4+ Kc6 48. Ke5 Bxe4 49. Kxe4 Rc3 50. Rg1 Rxa3 51. Rxg6+ Kb7 52. Rd6 Re3+ 53. Kf4 Rd3 54. Ke4 Re3+ 1/2-1/2

[Event "Moscow op-B"]
[Site "Moscow"]
[Date "2014.02.03"]
[Round "3"]
[White "Grigoryeva, Olga A"]
[Black "Girya, Olga"]
[Result "0-1"]
[WhiteElo "2186"]
[BlackElo "2438"]
[PlyCount "142"]
[EventDate "2014.02.01"]
[EventType "swiss"]
[EventRounds "9"]
[EventCountry "RUS"]
[SourceTitle "CBM 158 Extra"]
[Source "ChessBase"]
[SourceDate "2014.02.28"]
[SourceVersion "1"]
[SourceVersionDate "2014.02.28"]
[SourceQuality "1"]

1. d4 d5 2. c4 c6 3. Nf3 Nf6 4. Nc3 dxc4 5. a4 Bf5 6. Ne5 Nbd7 7. Nxc4 Nb6 8. e3 Nxc4 9. Bxc4 e6 10. 0-0 Bb4 11. f3 h6 12. e4 Bg6 13. Be3 0-0 14. Qb3 Ba5 15. Qxb7 Rb8 16. Qxc6 Rb6 17. Qc5 Bb4 18. Qe5 Bd6 19. Qa5 Qb8 20. Nd1 Bb4 21. Qe5 Bd6 22. Qa5 Bxh2+ 23. Kh1 Bc7 24. Qd2 Nh5 25. Re1 Qd8 26. e5 Ng3+ 27. Kg1 Nf5 28. Bf2 Qb8 29. b3 Rd8 30. Nc3 Rc6 31. Bb5 Nxd4 32. Qb2 Rxc3 33. Qxc3 Bxe5 34. Qe3 Bh2+ 35. Kh1 Bf4 36. Qc3 Nc2 37. Rad1 Nxe1 38. Rxd8+ Qxd8 39. Qxe1 a5 40. g3 Bd2 41. Qe5 Bg5 42. Qd4 Qxd4 43. Bxd4 Bd2 44. Bc5 e5 45. Kg2 Bc2 46. Bc4 g6 47. Kf2 Kg7 48. Ke2 Bc3 49. Be3 h5 50. Bd5 Bf5 51. Bb7 Be6 52. Kd3 Bb4 53. Kc2 Kf6 54. Bb6 Ke7 55. Bc7 f6 56. Ba6 g5 57. Bb6 h4 58. gxh4 gxh4 59. Bf2 h3 60. Bg3 Bc5 61. Bb7 Bd6 62. Kd2 Bxb3 63. Bc6 Ke6 64. Ke2 Bc4+ 65. Kf2 Bc5+ 66. Ke1 Bd5 67. Bxd5+ Kxd5 68. Kf1 Kc4 69. Be1 Bb6 70. Bd2 Kb3 71. Bh6 f5 0-1

[Event "Chigorin Memorial 21st"]
[Site "St Petersburg"]
[Date "2013.10.12"]
[Round "8"]
[White "Nakar, Eylon"]
[Black "Grigoryeva, Olga A"]
[Result "1/2-1/2"]
[WhiteElo "2390"]
[BlackElo "2166"]
[PlyCount "113"]
[EventDate "2013.10.05"]
[EventType "swiss"]
[EventRounds "9"]
[EventCountry "RUS"]
[SourceTitle "CBM 156 Extra"]
[Source "ChessBase"]
[SourceDate "2013.10.22"]
[SourceVersion "1"]
[SourceVersionDate "2013.10.22"]
[SourceQuality "1"]

1. e4 e5 2. Nf3 Nc6 3. Bb5 f5 4. d3 fxe4 5. dxe4 Nf6 6. 0-0 Bc5 7. Bxc6 bxc6 8. Nxe5 0-0 9. Nc3 Ba6 10. Nd3 Bd4 11. e5 Bxd3 12. exf6 Bxf1 13. Qxd4 Ba6 14. fxg7 Re8 15. Be3 d5 16. Rd1 Qe7 17. h4 Bc8 18. Qa4 Bd7 19. Qf4 Qxg7 20. Bd4 Qf7 21. Qxc7 Rac8 22. Qg3+ Qg6 23. Qxg6+ hxg6 24. Bxa7 Bf5 25. Rc1 Rc7 26. Bc5 Rh7 27. g3 Rd7 28. Bd4 Rb7 29. b3 Rbe7 30. Be3 Rxe3 31. fxe3 Rxe3 32. Nb1 Rxg3+ 33. Kf2 Rh3 34. Kg2 Rxh4 35. a4 Rh7 36. Nd2 Ra7 37. Kg3 Kf7 38. Nf3 c5 39. c4 d4 40. Ra1 Bc2 41. Nd2 Ke6 42. Rc1 Bf5 43. Kf4 Kd6 44. Re1 Rf7 45. Kg5 Bc2 46. Re2 Rb7 47. Kf6 Bf5 48. Re8 Rb6 49. Re7 Rb8 50. a5 Rf8+ 51. Rf7 Ra8 52. b4 Bc2 53. Nf3 cxb4 54. Nxd4 b3 55. Rb7 Kc5 56. Nxb3+ Bxb3 57. Rxb3 1/2-1/2

[Event "Prague op-A 12th"]
[Site "Prague"]
[Date "2013.01.10"]
[Round "2"]
[White "Grigoryeva, Olga A"]
[Black "Atalik, Ekaterina"]
[Result "0-1"]
[WhiteElo "2175"]
[BlackElo "2461"]
[PlyCount "78"]
[EventDate "2013.01.09"]
[EventType "swiss"]
[EventRounds "9"]
[EventCountry "CZE"]
[SourceTitle "CBM 152 Extra"]
[Source "ChessBase"]
[SourceDate "2013.02.25"]
[SourceVersion "1"]
[SourceVersionDate "2013.02.25"]
[SourceQuality "1"]

1. d4 Nf6 2. c4 g6 3. f3 c5 4. d5 e6 5. e4 exd5 6. cxd5 d6 7. Nc3 Bg7 8. Bg5 h6 9. Be3 0-0 10. Qd2 h5 11. Bh6 Re8 12. Bxg7 Kxg7 13. Bd3 a6 14. a4 Nbd7 15. b3 Ne5 16. Bc2 c4 17. bxc4 Bd7 18. Qd4 Rc8 19. Bb3 h4 20. h3 Nh5 21. Nge2 Qg5 22. Rf1 Qf6 23. Rd1 g5 24. Kf2 Rc5 25. Kg1 Rec8 26. Kh1 Nxc4 27. Bxc4 Rxc4 28. Qxf6+ Kxf6 29. Rfe1 Rxc3 30. Nxc3 Rxc3 31. Rb1 b5 32. axb5 Bxb5 33. Rec1 Rxc1+ 34. Rxc1 Nf4 35. Rc7 a5 36. Rb7 Bf1 37. Rb3 Bxg2+ 38. Kg1 Bxh3 39. Ra3 Bg2 0-1